TEXT BOOK OF FOOD & BEVERAGE SERVICE (Record no. 8019)
[ view plain ]
| 000 -LEADER | |
|---|---|
| fixed length control field | 00383nam a22001577a 4500 |
| 020 ## - INTERNATIONAL STANDARD BOOK NUMBER | |
| International Standard Book Number | 81-8204-028-0 |
| 082 ## - DEWEY DECIMAL CLASSIFICATION NUMBER | |
| Classification number | 641.2 |
| Item number | BAG |
| 100 ## - MAIN ENTRY--PERSONAL NAME | |
| Personal name | BAGCHI, S.N AND SHARMA |
| 245 ## - TITLE STATEMENT | |
| Title | TEXT BOOK OF FOOD & BEVERAGE SERVICE |
| 250 ## - EDITION STATEMENT | |
| Edition statement | 3RD |
| 260 ## - PUBLICATION, DISTRIBUTION, ETC. (IMPRINT) | |
| Place of publication, distribution, etc | DELHI |
| Name of publisher, distributor, etc | AMAN PUBLISHER |
| Year of Publication | 2006 |
| 300 ## - PAGE DESCRIPTION | |
| No. of Pages | 531 |
| 650 ## - SUBJECT ADDED ENTRY--TOPICAL TERM | |
| Topical term or geographic name as entry element | FOOD AND BEVERAGE SERVICE |
| 653 ## - KEYWORDS--INDEX TERM | |
| Keyword term | FOOD, BEVERAGE |
| 942 ## - ADDED ENTRY ELEMENTS (KOHA) | |
| Source of classification or shelving scheme | Dewey Decimal Classification |
| Koha item type | Books |
| Withdrawn status | Lost status | Source of classification or shelving scheme | Damaged status | Not for loan | Collection code | Home library | Current library | Shelving location | Date acquired | Vendor Name | Cost, normal purchase price | SGTU | Bill Number | Total Checkouts | Full call number | Accession No. (Barcode) | Date last seen | Date last borrowed | Bill Date | Koha item type |
|---|---|---|---|---|---|---|---|---|---|---|---|---|---|---|---|---|---|---|---|---|
| Dewey Decimal Classification | HOTEL MANAGEMENT | SGT Science & Social Sciences Library | SGT Science & Social Sciences Library | Text Book | 08/10/2015 | JINDAL BOOKSERVICE | 540.00 | SGTU | 1775 | 2 | 641.2 BAG | HM220 | 10/08/2018 | 27/07/2018 | 07/09/2015 | Books | ||||
| Dewey Decimal Classification | HOTEL MANAGEMENT | SGT Science & Social Sciences Library | SGT Science & Social Sciences Library | Text Book | 08/10/2015 | JINDAL BOOKSERVICE | 540.00 | SGTU | 1775 | 2 | 641.2 BAG | HM221 | 13/09/2018 | 12/09/2018 | 07/09/2015 | Books | ||||
| Dewey Decimal Classification | HOTEL MANAGEMENT | SGT Science & Social Sciences Library | SGT Science & Social Sciences Library | Text Book | 08/10/2015 | JINDAL BOOKSERVICE | 540.00 | SGTU | 1775 | 1 | 641.2 BAG | HM222 | 15/05/2018 | 11/05/2018 | 07/09/2015 | Books | ||||
| Dewey Decimal Classification | HOTEL MANAGEMENT | SGT Science & Social Sciences Library | SGT Science & Social Sciences Library | Text Book | 08/10/2015 | JINDAL BOOKSERVICE | 540.00 | SGTU | 1775 | 3 | 641.2 BAG | HM223 | 30/05/2017 | 31/03/2017 | 07/09/2015 | Books | ||||
| Dewey Decimal Classification | HOTEL MANAGEMENT | SGT Science & Social Sciences Library | SGT Science & Social Sciences Library | Text Book | 08/10/2015 | JINDAL BOOKSERVICE | 540.00 | SGTU | 1775 | 1 | 641.2 BAG | HM224 | 07/03/2018 | 11/05/2016 | 07/09/2015 | Books |